000 01316cam a22003377a 4500
090 _c0
001 14833938
005 20071019151657.0
008 070504s2007 maua 001 0 eng d
010 _a2007296815
020 _a9781597491228 (pbk.)
020 _a1597491225 (pbk.)
024 1 _a792502912256
035 _a(OCoLC)ocn123894828
035 _a(OCoLC)123894828
040 _aOCO
_cOCO
_dDLC
042 _alccopycat
050 0 0 _aQA76.9.A25
_bP49 2007
082 0 0 _a005.8
_222
_bCON
245 0 0 _aPhysical and logical security convergence :
_bpowered by enterprise security management /
_cBrian T. Contos ... [et al.] ; foreword by Regis McKenna.
260 _aBurlington, MA :
_bSyngress Publishing,
_c2007.
300 _axxvi, 566 p. :
_bill. ;
_c23 cm.
500 _aIncludes index.
650 0 _aComputer security.
650 0 _aInformation technology.
700 1 _aContos, Brian T.
856 4 2 _3Publisher description
_uhttp://www.loc.gov/catdir/enhancements/fy0726/2007296815-d.html
942 _2ddc
_cBB
999 _c10667
_d10667